Globalization and social change : people and places in a divided world
Αποθηκεύτηκε σε:
| Κύριος συγγραφέας: | |
|---|---|
| Μορφή: | Βιβλίο |
| Γλώσσα: | English |
| Δημοσίευση: |
London :
Routledge,
2004
|
| Θέματα: | |
| Ετικέτες: |
Προσθήκη ετικέτας
Δεν υπάρχουν, Καταχωρήστε ετικέτα πρώτοι!
|
MARC
| LEADER | 00000nam a2200000 i 4500 | ||
|---|---|---|---|
| 001 | 1/92717 | ||
| 008 | 080828s2004 eng d | ||
| 020 | |a 978-0-415-26696-3 (pbk.) | ||
| 020 | |a 0-415-26696-3 (pbk.) | ||
| 035 | |l 10099733 | ||
| 040 | |a GR-MY-UA |b gre |e aacr | ||
| 041 | 0 | |a eng | |
| 082 | 0 | |a 303.4 |2 (22) | |
| 100 | 1 | |a Perrons, Diane. | |
| 245 | 1 | 0 | |a Globalization and social change : |b people and places in a divided world / |c Diane Perrons |
| 260 | |a London : |b Routledge, |c 2004 | ||
| 300 | |a x, 366 σ.; |b εικ., πίν., διαγρ., 1 χάρτης; |c 24 εκ. | ||
| 500 | |a Ταυτόχρονα δημοσιεύτηκε στις ΗΠΑ και τον Καναδά | ||
| 504 | |a Βιβλιογραφία: σ. 332-357 | ||
| 504 | |a Ευρετήριο: σ. 358-366 | ||
| 650 | 0 | 0 | |a Social change. |
| 650 | 0 | 0 | |a Globalization. |
| 650 | 0 | 0 | |a Globalization |x Economic aspects. |
| 852 | |a INST |b LESVOS |e 20080828 |h 303.4 PER |p 005100042090 |q 005100042090 |t BK |y 0 | ||
| 901 | |a BIBL1-2008-2 | ||
| 909 | |a Λ |b 152409 | ||
| 922 | |a 1ΕΛΗ |b 200803 |c ΕΠΕΑΕΚ2/ΤΓ |d ΕΛΕΥΘΕΡΟΥΔΑΚΗΣ | ||
| 970 | |a ΓΙΑΛΑΜΑ |b ΜΑΡΙΑ |z 2008/08/28 | ||